[Event "XXVII RUS-chT Premier 2020"]
[Site "Sochi"]
[Date "2020.11.23"]
[Round "5.19"]
[White "Triapishko, Alexandr"]
[Black "Demchenko, Anton"]
[Result "0-1"]
[WhiteElo "2506"]
[BlackElo "2626"]
[Annotator "TA"]
[PlyCount "120"]
[EventDate "2020.11.19"]
[EventType "team-tourn"]
[EventCountry "RUS"]
[SourceTitle "playchess.com"]
[Source "ChessBase"]
[SourceQuality "1"]

{[%evp 21,120,0,13,-5,-12,-25,-18,-17,-14,-20,0,-35,-27,-14,-24,-14,-17,-53,-44,-72,-18,-70,-75,-78,-91,-160,-154,-167,-167,-185,-189,-194,-143,-146,-125,-120,-127,-179,-165,-157,-109,-232,-232,-246,-246,-237,-242,-231,-222,-233,-182,-203,-156,-156,-156,-176,-181,-185,-166,-152,-131,-311,-311,-311,-311,-311,-290,-295,-277,-5427,-5102,-1985,-1538,-29964,-29964,-29962,-29962,-29970,-29971,-29971,-29971,-29971,-29972,-29974,-22,-22,-22,-29984,-29985,-29985,-29987,-29987,-29988,-29988,-29989,-29989,-29988,-29988,-29987,-29987,-29988]} 1. Nf3 Nf6 2. g3 g6 3. Bg2 Bg7 4. O-O O-O 5. c4 d6 6. Nc3 e5 7. d3 a5 8. Rb1 c6 9. a3 {[%cal Ba2a3,Ba3b4,Bb4b5][%mdl 32]} h6 10. b4 axb4 11. axb4 Be6 12. b5 {A24: English Opening vs King's Indian: Lines without ...Nc6.} Nbd7 13. Nd2 Qc7 14. Qb3 {[#] The position is equal.} Nc5 $146 ({Predecessor:} 14... Rfd8 15. Rd1 {½-½ (15) Hokkanen,P-Nouro,M Vantaa 1988}) 15. Qb4 Rfb8 16. Nde4 (16. Nf3 {is more complex.} Bf8 17. Qb2 Rc8 18. Bd2 Bg7 19. Qc1) 16... Nfxe4 17. Nxe4 Nxe4 18. Bxe4 d5 19. cxd5 cxd5 20. Bg2 Ra2 (20... Rc8 $17) 21. Bb2 ({White should play} 21. d4 $11) 21... Rba8 $15 22. Rfc1 Qb6 23. h4 (23. e3 $142) 23... R8a5 $1 $17 24. Qb3 Qxb5 25. Qxb5 Rxb5 26. Bc3 {[#]} Rxb1 (26... Rc2 $1 $19 {[%mdl 512]} 27. Ra1 (27. Rxc2 Rxb1+) 27... Rxc1+ 28. Rxc1 d4) 27. Rxb1 Rxe2 28. Rxb7 Rc2 29. Ba5 (29. Rb3 $17 {might work better.}) 29... Rc1+ 30. Kh2 Rd1 31. Bh3 (31. Rb3 $17) 31... Bxh3 $19 32. Rb8+ Kh7 33. Kxh3 Rxd3 {[%mdl 4096] Endgame KRB-KRB} 34. Rb7 Ra3 35. Be1 Rf3 36. Kg2 Rf6 37. Rd7 d4 38. f3 Bf8 $1 39. g4 Kg7 40. Bg3 Re6 41. f4 $2 (41. g5 $17) 41... Rd6 $1 {[%cal Rd6d7]} 42. Rxd6 Bxd6 43. fxe5 {KB-KB} d3 {...d2 is the strong threat.} 44. Kf3 {[#]} ({Don't blunder} 44. exd6 $2 d2 $19) 44... Bc5 $1 ({Weaker is} 44... Bb4 {[#]} 45. e6 $1 $17 {[%mdl 512]}) 45. h5 $2 (45. Be1 h5 46. gxh5 gxh5 47. Ke4) 45... d2 46. Ke2 {[#]} Be3 $1 {[%mdl 512]} 47. hxg6 (47. Kxe3 d1=Q) 47... fxg6 48. Bh4 Kf7 49. Bd8 Ke6 50. Bf6 Bf4 51. Bg7 Bg5 52. Kd1 h5 $2 (52... Kf7 {mates} 53. Bh8 Kg8 54. Bf6 Bxf6 55. exf6 Kf7 56. Kxd2 Kxf6 57. Ke2 Kg5 58. Kf3 Kh4 59. g5 hxg5 60. Kf2 g4 61. Ke2 g3 62. Kf3 Kh3 63. Kf4 g2 64. Ke4 g1=Q 65. Kd5 Qb6 66. Ke5 g5 67. Kf5 g4 68. Kg5 g3 69. Kf4 g2 70. Kf5 g1=Q 71. Ke4 Qgd4+ 72. Kf5 Qbf6#) 53. gxh5 $11 gxh5 {( -> ...h4)} 54. Bf8 $2 {[%mdl 8192]} (54. Bf6 $11) 54... h4 {Black mates.} 55. Bc5 h3 56. Bg1 Kxe5 57. Bh2+ Bf4 58. Bg1 Ke4 59. Ke2 Kf5 60. Kd1 Ke6 {Weighted Error Value: White=0.59/Black=0.25} 0-1

[Event "XXVII RUS-chT Premier 2020"]
[Site "Sochi"]
[Date "2020.11.23"]
[Round "5.20"]
[White "Alekseev, Evgeny"]
[Black "Kardashevskiy, Evgeny"]
[Result "1-0"]
[WhiteElo "2615"]
[BlackElo "2436"]
[Annotator "TA"]
[PlyCount "103"]
[EventDate "2020.11.19"]
[EventType "team-tourn"]
[EventCountry "RUS"]
[SourceTitle "playchess.com"]
[Source "ChessBase"]
[SourceQuality "1"]

{[%evp 13,102,5,11,12,16,-11,-18,-13,-21,-21,-13,-22,0,-3,3,0,0,0,10,-15,2,0,7,12,25,18,36,0,6,6,6,-13,10,17,43,33,45,17,65,52,54,-16,31,-14,-14,-14,0,-26,1,-16,-22,-27,209,179,487,475,489,472,464,486,475,426,433,322,370,348,483,492,488,463,753,719,760,790,789,788,763,753,731,737,1080,978,1362,808,1352,1339,29995,29996,29997,29998,29999]} 1. e4 c5 2. Nf3 Nc6 3. Bb5 g6 4. c3 Nf6 5. d3 Bg7 6. O-O O-O 7. Re1 d6 8. h3 {B31: Sicilian: 2...Nc6 3 Bb5 g6.} Qc7 9. Bf4 {[#]} a6 $146 ({Predecessor:} 9... Bd7 10. a4 a6 11. Bc4 e5 12. Bd2 Na5 13. Na3 Nxc4 14. Nxc4 b5 15. axb5 axb5 {0-1 (59) Huppertz,A-Bielicki,B (2085) Leipzig 1995}) 10. Ba4 {The position is equal.} b5 11. Bb3 Bb7 12. Nbd2 Nd7 13. Rc1 Qb6 14. Be3 Rac8 15. a3 e6 16. Ba2 Qd8 17. Nf1 Nb6 18. Qd2 Re8 19. N1h2 Ne5 20. Bg5 Nxf3+ 21. Nxf3 Qd7 22. Nh2 f6 23. Bh6 Bh8 24. Ng4 c4 25. Rcd1 Red8 26. f4 f5 27. Nf2 (27. Ne3 $14) 27... Qc6 28. Bg5 (28. d4 {looks sharper.} Re8 29. Bb1 Re7 30. Bg5 Ree8 31. Kh2) 28... Rd7 29. d4 Bg7 {[%cal Rf5e4]} 30. Bb1 Rf8 31. Nh1 Rdf7 32. Ng3 Re8 $2 {[#] Loses the game.} (32... h6 $11 {and Black is okay.} 33. Bh4 Qd7) 33. d5 $1 $18 {[%cal Rd5c6][%mdl 576] Deflection} exd5 $2 (33... Qc5+ {is a better chance.} 34. Kh2 Nxd5) 34. exf5 Rxe1+ 35. Rxe1 d4 {And now ...d3 would win.} 36. fxg6 hxg6 37. Bxg6 Rf8 {intending ...dxc3.} 38. Be4 dxc3 39. bxc3 d5 40. Bb1 {Black must now prevent Qc2.} d4 {Threatens to win with ...d3.} 41. Nf5 {Ne7+ is the strong threat.} dxc3 (41... Qxg2+ $142 42. Qxg2 Bxg2 43. Ne7+ (43. Kxg2 d3 $18) 43... Kh8 44. Kxg2 d3 45. Ng6+ {[%mdl 64] Double Attack} Kg8 46. Nxf8 Nd5) 42. Ne7+ {[%mdl 64] [#] Double Attack} Kf7 43. Qf2 Qxg2+ 44. Qxg2 {[%csl Ge7][%cal Rb1g6]} Bd4+ 45. Qf2 Bxf2+ 46. Kxf2 a5 47. Nf5 Nc8 48. Nh6+ Kg7 49. Re6 {Intending Rg6+ and mate.} b4 50. Rg6+ {White mates.} Kh8 51. Bf6+ {[%mdl 64] Overworked Piece} Rxf6 52. Rg8# {Weighted Error Value: White=0.14/Black=0.50} 1-0

[Event "XXVII RUS-chT Premier 2020"]
[Site "Sochi"]
[Date "2020.11.23"]
[Round "5.21"]
[White "Musalov, Ruslan"]
[Black "Kokarev, Dmitry"]
[Result "0-1"]
[WhiteElo "2348"]
[BlackElo "2621"]
[Annotator "TA"]
[PlyCount "72"]
[EventDate "2020.11.19"]
[EventType "team-tourn"]
[EventCountry "RUS"]
[SourceTitle "playchess.com"]
[Source "ChessBase"]
[SourceQuality "1"]

{[%evp 13,72,20,9,0,0,0,0,0,0,0,0,0,0,-32,-14,-79,-83,-82,-82,-79,-78,-83,-89,-86,-100,-158,-163,-142,-143,-132,-98,-173,-162,-175,-175,-188,-187,-197,-190,-214,-226,-227,-227,-224,-213,-217,-218,-216,-193,-193,-193,-210,-209,-275,-270,-249,-247,-312,-273,-419,-384]} 1. e4 c5 2. c3 d5 3. exd5 Qxd5 4. d4 Nc6 5. Nf3 Nf6 6. Be2 e6 7. Na3 Qd8 8. O-O {B22: Sicilian: 2 c3.} cxd4 {Black wants to play ...Bxa3.} 9. Nb5 {[%cal Rb5d4]} dxc3 $5 {[%mdl 4] An interesting side line.} 10. Qxd8+ {The position is equal.} Kxd8 11. Rd1+ Bd7 12. Ng5 {[#]} Ke7 $146 ({Predecessor:} 12... c2 13. Nxf7+ Ke7 14. Rxd7+ Kxd7 15. Nxh8 Bc5 16. Nf7 Ne4 17. Be3 Bxe3 18. fxe3 Ke7 19. Bd3 Nf6 20. Bxc2 Kxf7 21. Rd1 Ke7 22. Bb3 Rc8 {½-½ (22) De Wit,J-Van Voorthuijsen,P Caorle 1984}) 13. bxc3 h6 $1 {[%cal Rh6g5]} 14. Ba3+ (14. Nf3 $1 $11 {keeps the balance.}) 14... Ke8 $17 {And now ...Bxa3 would win.} 15. Nc7+ Kd8 16. Ngxe6+ fxe6 17. Nxe6+ Ke8 18. Nxf8 Rxf8 19. Re1 {[#]} (19. Rab1 $142 b6 20. Rd2) 19... Rh8 $1 20. Ba6+ Kf7 21. Bxb7 Rab8 22. Ba6 (22. Bxc6 $17 {was called for.} Bxc6 23. Re7+ Kg6 24. Rxa7) 22... Rhe8 $19 23. Red1 Be6 24. f3 Nd5 25. Rdc1 Red8 26. Bc5 Rb2 27. Rd1 Nf4 28. Rxd8 {Rf8+ is the strong threat.} Nxd8 29. Bf1 Nc6 ({Not} 29... Bxa2 {[#]} 30. Rxa2 $1 {[%mdl 512]} Rxa2 31. Bc4+ Nde6 32. Bxa2 $16) 30. a4 Ne2+ 31. Bxe2 Rxe2 32. Rd1 Re5 33. Bb4 a5 34. Ba3 Re3 35. Bb2 Ne5 36. Kf2 (36. c4 {might work better.}) 36... Rd3 {Weighted Error Value: White=0.22/Black=0.05} 0-1

[Event "XXVII RUS-chT Premier 2020"]
[Site "Sochi"]
[Date "2020.11.23"]
[Round "5.22"]
[White "Makarian, Rudik"]
[Black "Truskavetsky, Alexandr"]
[Result "1-0"]
[WhiteElo "2441"]
[BlackElo "2399"]
[Annotator "TA"]
[PlyCount "55"]
[EventDate "2020.11.19"]
[EventType "team-tourn"]
[EventCountry "RUS"]
[SourceTitle "playchess.com"]
[Source "ChessBase"]
[SourceQuality "1"]

{[%evp 9,55,30,29,28,26,5,17,33,41,34,22,42,55,36,22,50,60,42,75,0,0,-66,114,108,93,123,193,192,187,181,195,192,187,184,283,290,455,427,441,447,492,502,781,773,1556,523,5597,4040]} 1. d4 d5 2. c4 e6 3. Nf3 Nf6 4. Nc3 a6 5. cxd5 exd5 6. Bg5 {D37: Queen's Gambit Declined: 5 Bf4.} Be6 7. Qb3 {next Bxf6 is good for White.} b5 8. Bxf6 {The position is equal.} Qxf6 9. a4 ({Avoid the trap} 9. Nxd5 $2 Qd8 $19) 9... b4 10. Nxd5 Qd8 11. e4 $36 {[%mdl 2048] White has some pressure.} c6 12. Qe3 $1 {Threatens to win with Nf4.} cxd5 13. exd5 Qxd5 {[#]} 14. Bd3 (14. Rc1 $1 $16 Be7 15. Bd3) 14... Ra7 $1 $11 {...Bd6 is the strong threat.} 15. Rc1 (15. Be4 $1 $11 Qa5 16. d5) 15... Be7 $2 (15... Re7 $1 $15 {stays ahead.} 16. O-O g6) 16. Be4 $16 Qd8 {White must now prevent ...Rd7.} 17. d5 $1 {[%cal Rd5e6] [#]} Rc7 $146 (17... Bf5 $16) ({Predecessor:} 17... Bxd5 18. Bxd5 Rc7 19. Bxf7+ Kxf7 20. Qf4+ Ke8 21. Qxc7 Nd7 22. O-O Rf8 23. Rfd1 Rf6 24. Qb7 Rb6 25. Qe4 Qb8 26. Qxh7 Bf6 27. Qg8+ Nf8 28. Re1+ Kd7 29. Qf7+ {1-0 (29) Koneru,H (2553)-Gunina,V (2506) Hengshui 2019}) 18. dxe6 $18 Rxc1+ 19. Qxc1 fxe6 20. O-O O-O 21. Qc2 Bf6 (21... Qc8 {is a better defense.} 22. Bxh7+ Kh8) 22. Bxh7+ Kf7 (22... Kh8 $142 23. Bg6 Qd6) 23. Rd1 {Strongly threatening Ng5+!White is clearly winning.} Qb6 24. g4 b3 25. Qe4 Ke7 {[#]} (25... Rd8 $142) 26. a5 $1 {[%mdl 512]} Qc6 (26... Qxa5 27. Qb7+) 27. g5 (27. Qb4+ $142 Kf7 28. g5) 27... Bxb2 28. Qb4+ {[%mdl 64] Double Attack.  Weighted Error Value: White=0.26/Black=0.52} 1-0

[Event "XXVII RUS-chT Premier 2020"]
[Site "Sochi"]
[Date "2020.11.23"]
[Round "5.23"]
[White "Alexeev, Alexey"]
[Black "Petrov, Nikita"]
[Result "0-1"]
[WhiteElo "2246"]
[BlackElo "2577"]
[Annotator "TA"]
[PlyCount "82"]
[EventDate "2020.11.19"]
[EventType "team-tourn"]
[EventCountry "RUS"]
[SourceTitle "playchess.com"]
[Source "ChessBase"]
[SourceQuality "1"]

{[%evp 18,82,22,16,32,1,25,16,23,0,0,0,0,-8,-9,-19,-17,-71,-71,-109,-104,-147,-151,-146,-87,-122,-102,-109,-82,-87,-89,-118,-116,-100,-6,-228,-227,-257,-233,-302,-305,-333,-323,-331,-332,-389,-387,-365,-386,-426,-413,-420,-420,-413,-414,-420,-428,-417,-417,-450,-443,-445,-437,-543,-528,-486,-445]} 1. e4 c5 2. Nf3 Nc6 3. d4 cxd4 4. Nxd4 e6 5. Nc3 Qc7 6. Be3 a6 7. Be2 b5 8. Nxc6 Qxc6 9. Bf3 Bb7 10. O-O Qc7 {B49: Sicilian: Taimanov: 5 Nc3 Qc7 6 Be3 a6 7 Be2.} 11. e5 Ne7 12. Bxb7 Qxb7 {The position is equal.} 13. Bc5 Rc8 14. Bd6 b4 {[#]} 15. Ne2 $146 ({Predecessor:} 15. Na4 Ng6 16. Bxf8 Nxf8 17. a3 Ng6 18. Qd4 bxa3 19. Rxa3 O-O 20. Nc5 Qb5 21. b4 Qe2 {½-½ (21) Hartoch,R-Andriessen,W Leeuwarden 1971}) 15... Ng6 16. Bxf8 Rxf8 17. Qd3 (17. f4 $11) 17... Qb5 $17 18. c4 Qxc4 19. Qd2 Qc2 (19... Nxe5 $2 20. Rac1 $18) 20. Qe3 Qc5 ({Black should play} 20... Qxb2 21. Rad1 Qxe5) 21. Nd4 {[#] Strongly threatening Rfc1.} Qxe5 22. Qd2 Nf4 {...Qg5! is the strong threat.} 23. Nf3 Qf5 {Threatens to win with ...Nxg2!} 24. Rfd1 {[%csl Gd1][%cal Rd2d7]} Nd5 25. Nd4 Qg6 (25... Qf4 $17 {White must now prevent ...Qxd2.} 26. Qe2 g6 27. Qxa6 Ke7) 26. f4 $2 {[#] Loses the game.} (26. Re1 $11 {and White stays safe.}) 26... Qe4 $1 $19 27. Kh1 Qe3 28. Nf5 Qxd2 ({Weaker is} 28... Qxf4 29. Qxf4 Nxf4 30. Nd6+ Ke7 31. Nxc8+ Rxc8 32. g3 $17) 29. Nxg7+ Ke7 30. Rxd2 Nf6 ({Much less strong is} 30... Nxf4 31. Rf1 $19) 31. Re1 Rc5 32. g4 Nxg4 33. Rg2 Nf6 34. Rg5 Rfc8 35. Nf5+ Kf8 ({Not} 35... Rxf5 36. Rxf5 d5 37. Rg5 $17) 36. Nd4 Rc1 37. Rxc1 Rxc1+ 38. Kg2 Rb1 {Black is clearly winning.} 39. Ra5 Rxb2+ 40. Kg3 Ne4+ 41. Kf3 Nc3 {Weighted Error Value: White=0.31/Black=0.10} 0-1

[Event "XXVII RUS-chT Premier 2020"]
[Site "Sochi"]
[Date "2020.11.23"]
[Round "5.24"]
[White "Zakhartsov, Vladimir"]
[Black "Pervakov, Sergey"]
[Result "1-0"]
[WhiteElo "2484"]
[BlackElo "2067"]
[Annotator "TA"]
[PlyCount "75"]
[EventDate "2020.11.19"]
[EventType "team-tourn"]
[EventCountry "RUS"]
[SourceTitle "playchess.com"]
[Source "ChessBase"]
[SourceQuality "1"]

{[%evp 9,75,32,34,0,0,0,13,-20,-7,-6,0,0,4,-14,-16,-15,0,0,0,0,6,-31,31,17,18,15,15,-24,-21,-4,0,-12,0,-18,0,0,0,0,0,0,0,-12,-14,-100,79,86,148,156,160,142,136,147,250,213,207,196,280,232,158,49,98,20,16,42,29988,29988,29986,29987]} 1. d4 g6 2. e4 Bg7 3. Nf3 d6 4. Bc4 Nf6 5. Qe2 Nc6 6. d5 {B06: Modern Defence.} Na5 7. Bd3 c5 {[#]} 8. h3 $146 {The position is equal.} ({Predecessor:} 8. c3 Nd7 9. Bf4 a6 10. O-O b5 11. Nbd2 Qc7 12. Rac1 Nb7 13. Rfe1 Ne5 14. Nxe5 dxe5 {0-1 (50) Lyell,M (2189)-Farago,S (2317) Budapest 2011}) 8... O-O 9. c4 e6 10. Nc3 exd5 11. cxd5 a6 12. O-O b5 13. Bg5 b4 14. Nd1 Re8 15. Qc2 Qb6 ({Black should try} 15... h6 $15 16. Bxf6 Qxf6) 16. Ne3 Bd7 17. Nd2 Bb5 18. Nec4 Nxc4 19. Bxc4 Nd7 20. f4 Bd4+ 21. Kh1 Be3 22. Nf3 Bxc4 23. Qxc4 Qb5 24. Qc2 f6 25. Bh6 c4 $1 {Hoping for ...Nc5.} 26. Rae1 (26. a4 $11 Qc5 27. Rae1) 26... Bb6 $2 (26... c3 $1 $17 {keeps the pressure on. White must now prevent ...Nc5.} 27. Nh2 Qc5) 27. f5 $16 b3 (27... g5 $142) 28. axb3 cxb3 {[#]} 29. Qd1 $1 Qc4 30. fxg6 hxg6 (30... Qc2 $16) 31. Nd2 Qc2 32. Qf3 {aiming for Rc1.} Kh7 (32... Re7 {was necessary.}) 33. Rc1 Qxb2 34. Nc4 (34. Bf4 $16) 34... Ne5 $1 $14 {[%cal Re5c4] [#]} 35. Qxf6 $40 {[%mdl 128] White attacks.} (35. Nxe5 $1 $16 Qxe5 36. Qxb3 Kxh6 37. Qxb6) 35... Nxc4 $11 36. Qh4 Ne5 $2 {[%mdl 8192]} (36... Qe5 $14 37. Bd2+ Kg8 38. Rxc4 Rf8) 37. Bg5+ ({Less strong is} 37. Be3+ Kg8 $16) 37... Kg8 {[#]} 38. Bf6 $1 {[%mdl 512] Weighted Error Value: White=0.22/Black=0.42} 1-0

[Event "XXVII RUS-chT Premier 2020"]
[Site "Sochi"]
[Date "2020.11.23"]
[Round "5.25"]
[White "Najer, Evgeniy"]
[Black "Artemiev, Vladislav"]
[Result "0-1"]
[WhiteElo "2648"]
[BlackElo "2708"]
[Annotator "TA"]
[PlyCount "168"]
[EventDate "2020.11.19"]
[EventType "team-tourn"]
[EventCountry "RUS"]
[SourceTitle "playchess.com"]
[Source "ChessBase"]
[SourceQuality "1"]

{[%evp 13,168,24,25,28,30,29,17,25,47,37,27,30,27,20,33,33,20,14,28,27,29,26,26,27,29,29,29,35,26,27,32,35,29,29,21,28,28,28,33,30,26,25,25,36,56,57,46,0,0,0,62,54,109,53,60,59,69,61,96,93,96,84,152,133,196,203,189,185,175,183,147,19,15,0,0,0,0,-83,0,-85,0,0,0,0,0,-21,-21,-23,-24,-13,-15,-798,-817,-813,-752,-682,-422,-1191,-1052,-1116,-298,-280,-281,-408,-248,-511,-496,-654,-414,-406,-406,-465,-270,-660,-670,-616,-583,-811,-802,-813,-917,-813,-796,-919,-919,-918,-916,-910,-907,-907,-879,-799,-473,-861,-830,-670,-1715,-1545,-1300,-1374,-1392,-2447,-2895,-1473,-2350,-2145,-1857,-12554,-8070,-29975,-29976,-29984,-29985,-29984,-29983,-29983,-29984]} 1. e4 e5 2. Nf3 Nc6 3. Bb5 a6 4. Ba4 d6 5. c3 Bd7 6. d4 g6 7. Bg5 Be7 8. Be3 {C76: Ruy Lopez: Deferred Steinitz: 5 c3 Bd7 6 d4 g6.} Nf6 9. Bc2 O-O 10. O-O {[#] The position is equal.} b5 $1 $146 {[%mdl 8] A top novelty.} ({Predecessor:} 10... Re8 11. h3 Bf8 12. Nbd2 a5 13. a4 Bg7 14. Re1 h6 15. Qb1 Nh5 16. dxe5 dxe5 {½-½ (55) Alekseenko,K (2650)-Demchenko,A (2665) Konya 2019}) 11. Re1 Re8 12. d5 Na5 13. Nbd2 Ng4 14. b4 Nxe3 15. Rxe3 Nb7 16. Nf1 a5 17. a4 Rf8 18. Re1 bxa4 19. Bxa4 axb4 20. cxb4 Bxa4 21. Rxa4 Qd7 22. Rxa8 Rxa8 23. Qc2 Nd8 24. Ne3 {[%cal Bf1e3,Be3d1,Bd1c3][%mdl 32]} Ra7 25. Qc4 Bf8 26. Rb1 Bh6 27. Nd1 Qa4 28. Nc3 Qc2 29. Ne1 $1 {[%cal Re1c2]} Qd2 30. Nf3 Qc2 31. Ne1 (31. Qb3 $11 Qxb3 32. Rxb3) 31... Qd2 $14 32. Qb3 $1 f5 (32... Ra8 $14) 33. Rd1 (33. exf5 $1 $16 gxf5 34. Nf3) 33... Qg5 $1 34. Nf3 $36 {[%mdl 2048] White fights for an advantage.} Qf4 35. Qc4 Nf7 36. h4 Ra3 37. Re1 g5 (37... fxe4 $142 38. Nxe4 Rxf3) 38. Qxc7 $16 g4 (38... gxh4 $16 {was worth a try.} 39. Qc8+ Bf8) 39. Ne2 $1 $18 {[%cal Re2f4]} Qxe4 40. Ned4 $1 Qxd5 41. Nxf5 Bf8 42. Qc8 ({White should play} 42. Ng5 $16 Nxg5 43. hxg5) 42... Qa8 $1 $11 {[%cal Ra8c8]} 43. Ne7+ {[%mdl 64] Discovered Attack} Kh8 44. Qe6 Nh6 45. Nd2 (45. Ng5 $11 g3 46. fxg3 Qa7+ {[%mdl 64] Double Attack} 47. Kh2 Qxe7 48. Qc8) 45... g3 (45... Qe8 $1 $17 {[%cal Re8e7]} 46. Qf6+ Bg7 47. Qxd6 Ra7 48. Rxe5 Rd7 49. Ng6+ Qxg6 50. Qxd7 Bxe5) 46. Rf1 (46. Qf6+ $1 $11 Bg7 47. Qe6) 46... Ra1 (46... Rd3 $17 47. Nc8 Rxd2 48. Qf6+ Bg7 49. Qd8+ Ng8 50. Nxd6 gxf2+ 51. Kh1 Qd5 52. Nf7+ Qxf7 53. Qxd2 Qc4 $1 {[%mdl 512]} 54. Qxf2 Qxb4) 47. Nd5 gxf2+ 48. Kxf2 Ra2 $1 {[%cal Ra2d2]} 49. Ke2 Ng8 50. Rd1 Qa6+ 51. Ke1 Qd3 {White must now prevent ...Bh6.} 52. g4 $2 {[%mdl 8192]} (52. Nf6 $11 Qg3+ 53. Kf1) 52... Qg3+ $19 53. Ke2 Qg2+ 54. Kd3 Qf2 55. Kc3 (55. Nf6 $142 Ra3+ 56. Kc2 Qxf6 57. Qxf6+ Nxf6 58. Nc4) 55... Qd4+ 56. Kb3 Rxd2 $2 (56... Qb2+ 57. Kc4 Qc2+ 58. Nc3 Ra3) 57. Rxd2 Qxd2 58. b5 (58. Nc3 $142) 58... Qd3+ 59. Kb4 $2 (59. Nc3) 59... Qd4+ 60. Ka5 Qa7+ 61. Kb4 {[#] and the idea b6 leaves White hopeful. Cut Off at move 61} Qc5+ $1 62. Ka5 Be7 ({But not} 62... Qa7+ 63. Kb4 $19) (62... Bg7 $142 {...Qc4 is the strong threat.} 63. Nb6 Qa3+ 64. Na4 Qf3) 63. Ka6 $2 (63. Nxe7 Qa7+ {[%mdl 64] Double Attack} 64. Kb4 Qxe7 65. Qc8 d5+ 66. Qc5) 63... Bxh4 64. b6 Qc4+ 65. Kb7 {[#]} Ne7 $1 {[%mdl 64] Strongly threatening ...Qc6+. Pin} 66. Nc7 (66. Nxe7 Qxe6) 66... Qxe6 67. Nxe6 Bf2 68. Kc7 d5 69. b7 Ba7 70. Kd6 {[#]} d4 $1 {[%cal Rd4d3] And now ...d3 would win.} 71. Ng5 Ng6 72. Kd5 Bb8 73. Ke4 (73. Kc4 $142) 73... Kg7 74. Ne6+ Kf6 75. Nc5 Nf8 76. Kd5 Kg5 77. Na6 d3 78. Nc5 Kxg4 79. Nxd3 Kf5 80. Nb4 h5 81. Na6 Nd7 {Black mates.} 82. Nxb8 Nxb8 83. Kd6 e4 84. Kc7 e3 {Black used his chance.  Weighted Error Value: White=0.42/Black=0.32} 0-1

[Event "XXVII RUS-chT Premier 2020"]
[Site "Sochi"]
[Date "2020.11.23"]
[Round "5.26"]
[White "Timofeev, Artyom"]
[Black "Predke, Alexandr"]
[Result "1/2-1/2"]
[WhiteElo "2585"]
[BlackElo "2696"]
[Annotator "TA"]
[PlyCount "91"]
[EventDate "2020.11.19"]
[EventType "team-tourn"]
[EventCountry "RUS"]
[SourceTitle "playchess.com"]
[Source "ChessBase"]
[SourceQuality "1"]

{[%evp 10,91,8,8,6,0,18,-4,22,22,26,22,23,8,18,25,29,22,27,11,19,9,19,-2,0,0,30,18,22,0,0,0,0,0,0,-14,15,22,17,16,17,17,17,17,29,23,37,37,39,39,46,44,70,70,71,70,72,71,88,81,70,49,49,49,49,35,38,35,35,35,35,35,35,33,41,9,22,18,25,0,50,0,50,0]} 1. e4 e5 2. Nf3 Nc6 3. Bc4 Bc5 4. d3 Nf6 5. Nc3 h6 6. h3 a6 $1 {[%mdl 4] is currently scoring better than 6...d6. C50: Hungarian Defence and Giuoco Pianissimo.} 7. Be3 Bb4 {[#]} 8. Qd2 $146 ({Predecessor:} 8. O-O Bxc3 9. bxc3 O-O 10. Qe2 d5 11. exd5 Nxd5 12. Bxd5 Qxd5 13. c4 Qd6 14. Bd2 Nd4 {½-½ (14) Toth,E (2298)-Hajnal,Z (2402) Hungary 2005}) 8... b5 {The position is equal.} 9. Bb3 d6 10. a3 Ba5 11. Ba2 Be6 12. Bxe6 fxe6 13. b4 Bb6 14. Bxb6 cxb6 15. Ne2 O-O 16. Ng3 d5 17. c3 Ra7 18. O-O dxe4 19. dxe4 (19. Nxe4 {with more complications.} Nh5 20. Ne1 a5 21. Rb1 axb4 22. axb4 Nf4 23. Rd1) 19... Qxd2 20. Nxd2 Rd8 21. Nf3 Ne8 22. Rfd1 Rad7 23. Rxd7 Rxd7 24. Kf1 Nd6 25. Ke2 Nc4 26. Nf1 Kf7 27. Ne3 Nxe3 28. Kxe3 $11 {[%mdl 4096] Endgame KRN-KRN} Kf6 29. h4 Nd8 30. a4 Nf7 31. a5 bxa5 32. Rxa5 Rd6 33. Nd2 Rc6 34. Kd3 Nd6 35. Ra1 g5 36. hxg5+ hxg5 37. Rh1 Nc4 {[#] Threatens to win with ...Rd6+.} 38. Nxc4 Rxc4 $14 {KR-KR} 39. Rh6+ Kf7 $1 40. Rh7+ Kf6 41. Rd7 Rc6 42. g4 Kg6 43. Kd2 Kf6 44. Kd3 Kg6 45. Kd2 Kf6 46. Kd3 {Weighted Error Value: White=0.07/Black=0.06} 1/2-1/2

[Event "XXVII RUS-chT Premier 2020"]
[Site "Sochi"]
[Date "2020.11.23"]
[Round "5.27"]
[White "Esipenko, Andrey"]
[Black "Gaifullin, Artur"]
[Result "1-0"]
[WhiteElo "2683"]
[BlackElo "2460"]
[Annotator "TA"]
[PlyCount "53"]
[EventDate "2020.11.19"]
[EventType "team-tourn"]
[EventCountry "RUS"]
[SourceTitle "playchess.com"]
[Source "ChessBase"]
[SourceQuality "1"]

{[%evp 9,53,10,41,34,35,31,31,31,31,31,54,47,51,59,99,108,79,48,53,64,102,112,129,130,135,137,100,94,95,93,264,258,265,259,247,243,479,487,404,386,533,512,982,977,931,924]} 1. e4 e5 2. Nf3 Nc6 3. Bb5 Nf6 4. d3 Bc5 5. Nbd2 a6 6. Bxc6 {C65: Ruy Lopez: Berlin Defence (3...Nf6), unusual lines and 4 0-0 Bc5.} dxc6 {[#]} 7. Nc4 $146 ({Predecessor:} 7. Nb3 Bd6 8. d4 Nxe4 9. Qe2 Bf5 10. O-O exd4 11. Bg5 f6 12. Nh4 O-O 13. Bc1 {1-0 (24) Morawietz,D (2408)-Pieper,T (2213) Tegernsee 2018}) 7... Nd7 8. c3 {White is slightly better.} Qe7 9. O-O f6 10. d4 Bd6 11. Nh4 {Hoping for Nf5.} Nb6 12. Nxd6+ cxd6 13. f4 {Black must now prevent Qb3.} exd4 14. Qb3 Qc7 15. cxd4 d5 16. f5 O-O {[#]} 17. e5 $1 {[%mdl 512]} fxe5 18. dxe5 Nc4 19. e6 Bxe6 $2 {Loses the game.} (19... Qe5 $16) 20. Bf4 $18 ({And not} 20. fxe6 Rxf1+ 21. Kxf1 Qxh2 $11) 20... Qe7 21. fxe6 Qxh4 22. Qxb7 {Threatens to win with e7.} Na5 $2 (22... Rae8) 23. Qc7 Nc4 24. Qxc6 Rae8 25. Qxd5 {And now e7+ would win.White is clearly winning.} ({Weaker is} 25. e7 Qxe7 26. Qxd5+ Qe6 $16) 25... Rxf4 (25... Nb6 $142 26. Qc6 Nc8) 26. e7+ $1 Kh8 27. Qd7 {Weighted Error Value: White=0.02/Black=0.44} 1-0